1096 1398 1908 1230 1668 1620 1394 1557 1513 1260 1352 1791 1131 1481 1989 1361 1765 1063 1556 1597 1884 1885 1260 1833 1980 1665 1430 1616 1770 1779 1081 1844 1899 1518 1200 1678 1333 1361 1004 1366 1288 1316 1486 1278 1029 1013 1198 1957 1763 1551 1590 1046 1791 1516 1602 1781 1914 1607 1028 1655 1944 1168 1524 1238 1601 1250 1017 1114 1705 1605 1513 1197 1481 1826 1690 1568 1147 1775 1862 1959 1803 1654 1506 1629 1398 1518 1618 1337 1519 1610 1643 1843 1914 1463 1631 1238 1630 1254 1660 BCNSPRNW ULIB Ver.6.0+V

เปลี่ยนเป็นภาษาไทย

Change to English
 แสดงรายละเอียดบรรณานุกรม
  กลับหน้าหลัก

Brief Record : Get Marc (ISO 2709) : E-mail record : QR code < ปิดหน้าต่าง
LEADER : 00000nam 2200000uu 4500
001    13399115241
003     ULIB
008    120806s2551||||th 000 0 tha d
020    ^a9789749901328
060 04 ^aWD300^bพ693ร 2551
100 0  ^aพิพัฒน์ ชูวรเวช
245 10 ^aรู้ทันอันตรายโรคภูมิแพ้ ป้องกันได้ รักษาหาย ด้วยตนเอง/^cพิพัฒน์ ชูวรเวช,นพมาศ ชูวรเวช
250    ^aพิมพ์ครั้งที่ 2
260    ^aนนทบุรี :^bสนุกอ่าน,^c2551
300    ^a269 หน้า :^bภาพประกอบ
650  7 ^aภูมิแพ้
700 0  ^aนพมาศ ชูวรเวช
945    ^p185^l0^i15339
945    ^p185^l0^i15338
995    ^aกัณชพร
999    ^aใช้งานได้ทุกระบบ
รายการนี้ยังไม่มีแท็ก
คุณยังไม่ได้ล็อกอิน คุณสามารถมีกิจกรรมร่วมกับเว็บไซต์ได้ แต่ต้องล็อกอินก่อน ::
  ล็อกอิน

รายการสื่อสารสนเทศ

ลำดับที่ ประเภท เลขเรียก/บาร์โค้ด สถานที่ สถานะ
1. วิทยาศาสตร์การแพทย์ และสุขภาพ
วิทยาศาสตร์การแพทย์ และสุขภาพ
WD300 พ693ร 2551  
  Barcode: 15339
ห้องสมุดวิทยาเขตสวรรค์ประชารักษ์
►ส่วนจัดเก็บหนังสือเก่า สปร
บนชั้น
  ขอยืม
2. วิทยาศาสตร์การแพทย์ และสุขภาพ
วิทยาศาสตร์การแพทย์ และสุขภาพ
WD300 พ693ร 2551 ฉ.2 
  Barcode: 15338
ห้องสมุดวิทยาเขตสวรรค์ประชารักษ์
►ส่วนจัดเก็บหนังสือเก่า สปร
บนชั้น
  ขอยืม

รายการใกล้เคียง
    ผู้แต่ง [พิพัฒน์ ชูวรเวช]

    หัวเรื่อง [ภูมิแพ้]

BibComment


ยังไม่เคยถูกคอมเมนท์

คอมเมนท์ทรัพยากรรายการนี้
  คอมเมนท์: รู้ทันอันตรายโรค..


 Copyright 2026. Bcnsprnw @Library